Education of exceptional children (Record no. 2133)

MARC details
000 -LEADER
fixed length control field 00541cam a2200205ua 4500
001 - CONTROL NUMBER
control field 2270
005 - DATE AND TIME OF LATEST TRANSACTION
control field 20260515113452.0
008 - FIXED-LENGTH DATA ELEMENTS--GENERAL INFORMATION
fixed length control field 110806n ii |||gr||||Z||||||eng
020 ## - INTERNATIONAL STANDARD BOOK NUMBER
International Standard Book Number 81-259-0358-5
040 ## - CATALOGING SOURCE
Transcribing agency MAIN
082 ## - DEWEY DECIMAL CLASSIFICATION NUMBER
Classification number 371.9
100 ## - MAIN ENTRY--PERSONAL NAME
Personal name Panda, K C.,
Relator term Author.
245 1# - TITLE STATEMENT
Title Education of exceptional children
Statement of responsibility, etc. by K. C. Panda
250 ## - EDITION STATEMENT
Edition statement 1st.
260 ## - PUBLICATION, DISTRIBUTION, ETC.
Place of publication, distribution, etc. New Delhi:
Name of publisher, distributor, etc. Vikas publishing house pvt. ltd.,
Date of publication, distribution, etc. 2003.
300 ## - PHYSICAL DESCRIPTION
Extent 331p:
Dimensions 23cm.
653 ## - INDEX TERM--UNCONTROLLED
Uncontrolled term Education
653 ## - INDEX TERM--UNCONTROLLED
Uncontrolled term Education of exceptional children
942 ## - ADDED ENTRY ELEMENTS (KOHA)
Koha item type Books
Holdings
Withdrawn status Lost status Damaged status Not for loan Home library Current library Shelving location Date acquired Total checkouts Full call number Barcode Date last seen Date last checked out Copy number Price effective from Koha item type
        Naharkatiya College Library Naharkatiya College Library General stacks 09/19/2020 1 371.9 | PAN 11841 03/10/2023 03/03/2023 1 09/19/2020 Books